• 首页
  • 本馆介绍
  • 公告通知
  • 最新文献
  • 馆藏检索
  • 电子资源
  • 读者导购
  • 参考咨询
  • 我的图书馆
  • 登录
  • 详细信息显示
  • 放入我的书架
  • 预约/预借图书
  • 作者相关作品
  • 分类相关作品
  • 丛书相关作品
  • 出版社相关作品

书目信息

  • 表格格式
  • 工作单格式
  • 卡片格式
题名:
社会主义职业道德
    
 
作者: 刘荣惠 主编
分册:  
出版信息: 石家庄   河北人民出版社  1989.5
页数: 118页
开本: 19厘米
丛书名:
单 册:
中图分类: B822.9
科图分类: 17.7
主题词: 社会主义-职业道德--教材 , 职业道德-社会主义--教材
电子资源:
ISBN: 7-202-00418-6
000 00810nam0 2200265 45
001 0189016690
005 20070925170933.89
010    @a7-202-00418-6@dCNY1.40
020    @aCN@b89016690
100    @a19910513d1989 m y0chiy0120 ea
101 0  @achi
102    @aCN@b130000
105    @ay j 000yy
200 10 @a社会主义职业道德@Ashe hui zhu yi zhi ye dao de@f刘荣惠主编@Fliu rong hui zhu bian
210    @a石家庄@c河北人民出版社@d1989.5
215    @a118页@d19厘米
300    @a党的基本路线和基本知识教材
540 1  @a社会主义 职业道德@Ashe hui zhu yi zhi ye dao de
606    @a社会主义-职业道德@x教材
606    @a职业道德-社会主义@x教材
690    @aB822.9@v1980
692    @a17.7@v1974
701  0 @a刘荣惠@Aliu rong hui@4主编
801  0 @aCN@bTSSF@c20070925
905    @a10447@dB822.9@e346
    
    社会主义职业道德/刘荣惠主编.-石家庄:河北人民出版社,1989.5
    118页;19厘米
    党的基本路线和基本知识教材
    
    ISBN 7-202-00418-6:CNY1.40
    
●
相关链接 在E读中查询图书 在五车中查询图书 在当当中查询图书 在豆瓣中查询图书


正题名:社会主义职业道德     索取号:B822.9/346         预约/预借

序号 登录号 条形码 馆藏地/架位号 状态 备注
1 0609809   206098097   密集书库/ [索取号:B822.9/346] 在馆    
2 0765322   207653225   第一样本阅览室/ [索取号:B822.9/346] 在馆    
3 0765871   207658710   密集书库/ [索取号:B822.9/346] 在馆    
唐山师范学院图书馆 欢迎您!
大连网信软件有限公司© 版权所有